Premier League Number 5's 2014/15 Quiz Stats

 Plays Quiz not verified by Sporcle

Score 0/17 Timer 04:00
0 Plays Today
% Correct
Pablo Zabaleta
92.6%
Rio Ferdinand
89.4%
Samuel Eto'o
86.2%
Marcos Rojo
85.1%
Jan Vertonghen
79.8%
Wes Brown
78.7%
Kurt Zouma
76.6%
Wes Morgan
69.1%
Jores Okore
66%
% Correct
James Tomkins
59.6%
James Chester
55.3%
Marc Muniesa
47.9%
Claudio Yacob
47.9%
Jason Shackell
42.6%
Florin Gardos
37.2%
Alan Tate
29.8%
Patrick McCarthy
28.7%

You're not logged in!

Compare scores with friends on all Sporcle quizzes.
OR
Log In

Sporcle TV

Today on Sporcle TV


Watch our educational content, quiz creation guides, and fun videos on Sporcle TV.

Show Comments

Extras

Top Quizzes Today


Score Distribution

Your Account Isn't Verified!

In order to create a playlist on Sporcle, you need to verify the email address you used during registration. Go to your Sporcle Settings to finish the process.

Report this User

Report this user for behavior that violates our Community Guidelines.

Details: